[Event "Gibraltar Open"]
[Site "Caleta ENG"]
[Date "2012.01.28"]
[Round "5.79"]
[White "Al Tamimi,H"]
[Black "Nwachukwu,Chino"]
[Result "1-0"]
[WhiteElo "2237"]
[BlackElo "1926"]

1.e4 c5 2.Nf3 d6 3.Bb5+ Nd7 4.d4 Nf6 5.Nc3 cxd4 6.Qxd4 a6 7.Bxd7+ Nxd7 8.O-O e5
9.Qe3 Be7 10.Nd5 O-O 11.Rd1 Re8 12.b3 Nf6 13.Nxf6+ Bxf6 14.Ba3 Be7 15.Nxe5 Bg5
16.Qg3 Bh4 17.Qf4 Rxe5 18.Rxd6 Qg5 19.Qxg5 Bxg5 20.f4 Rxe4 21.fxg5 Bf5 22.Rad1 Rae8
23.R1d2 h6 24.gxh6 g6 25.Bb2 Kh7 26.Bg7 Re2 27.h3 Rxd2 28.Rxd2 Be4 29.g4 g5
30.Rf2 Bd5 31.Rf5 Bc6 32.Rxg5 Re2 33.Rc5 Rg2+ 34.Kf1 Rh2 35.g5 Rxh3 36.Ke2 Kg6
37.Bf6 Be4 38.a4 Rh2+ 39.Kd1 Rf2 40.Rc8 Rxf6 41.gxf6 Kxh6 42.Rg8 Bg6 43.Rd8 Be4
44.c4 Kg5 45.Rd6 Kf5 46.Kd2 Ke5 47.c5 Bd5 48.Kc3 a5 49.b4 axb4+ 50.Kxb4 Be6
51.Kb5 Kxf6 52.Kb6 Ke5 53.Rxe6+ Kxe6 54.Kxb7 f5 55.c6  1-0

[Event "TCh-CAT 2012"]
[Site "Catalunya ESP"]
[Date "2012.01.28"]
[Round "1.1"]
[White "Munoz Pantoja,M"]
[Black "Kogan,Ar"]
[Result "1/2-1/2"]
[WhiteElo "2495"]
[BlackElo "2572"]

1.e4 c5 2.Nf3 d6 3.Bb5+ Nd7 4.c4 a6 5.Ba4 g6 6.Nc3 Bg7 7.O-O Nf6 8.d3 O-O
9.h3 Rb8 10.Bg5 h6 11.Be3 e5 12.Rb1 Nh5 13.a3 Nf4 14.b4 Ne6 15.Nd5 f5 16.exf5 gxf5
17.Re1 Nf6 18.bxc5 f4 19.Nxf6+ Rxf6 20.Bd2 Nxc5 21.Bc2 Rf7  1/2-1/2

[Event "TCh-CAT 2012"]
[Site "Catalunya ESP"]
[Date "2012.01.28"]
[Round "1.5"]
[White "Farran Martos,J"]
[Black "Vehi Bach,V"]
[Result "1/2-1/2"]
[WhiteElo "2221"]
[BlackElo "2358"]

1.e4 c5 2.Nf3 d6 3.Bb5+ Nd7 4.O-O Nf6 5.Re1 a6 6.Bf1 e5 7.c3 Be7 8.d4 O-O
9.Nbd2 b5 10.a4 Rb8 11.axb5 axb5 12.dxe5 Nxe5 13.Nxe5 dxe5 14.c4 b4 15.b3 Qc7
16.Bd3 Rd8 17.Bc2 Bg4 18.f3 Be6 19.Qe2 Ra8 20.Bb2 Nd7 21.Nf1 Rxa1 22.Rxa1 Qb7
23.Ne3 Bg5 24.Nd5 Ra8 25.Rxa8+ Qxa8 26.Bb1 f6 27.Qd3 Kf7 28.g3 Qb8 29.Kf2 g6
30.Kg2 Bh6 31.Bc2 Qa7 32.Bb1 Qb8 33.Qe2 Qd6 34.Bc2 Qa6 35.Bb1 Qd6 36.Qf2 Nb8
37.Qe2 Nc6 38.Qd1 Nd4 39.Bd3 Qa6 40.Bb1 Qd6  1/2-1/2

[Event "TCh-CAT 2012"]
[Site "Catalunya ESP"]
[Date "2012.01.28"]
[Round "1.8"]
[White "Bravo Barranco,N"]
[Black "Colon Garcia,E"]
[Result "1-0"]
[WhiteElo "2238"]
[BlackElo "2308"]

1.e4 d6 2.Nf3 c5 3.Bb5+ Nd7 4.O-O a6 5.Bxd7+ Bxd7 6.Re1 e5 7.c3 c4 8.d4 cxd3
9.Qxd3 h6 10.c4 Nf6 11.Nc3 Rc8 12.b3 Be7 13.Ba3 Qa5 14.Bb2 O-O 15.Nd2 b5
16.a3 Qb6 17.b4 Rfd8 18.h3 Bf8 19.Rac1 Rb8 20.Nd5 Nxd5 21.cxd5 Be7 22.Nb3 Bg5
23.Rc2 Rf8 24.Bc1 Bxc1 25.Rexc1 f5 26.Rc7 Rf7 27.Na5 fxe4 28.Qe3 Qd4 29.Qxd4 exd4
30.Nb7 Be8 31.Nxd6 Rxc7 32.Rxc7 Rd8 33.Nf5 Bf7 34.d6 Be6 35.Rxg7+ Kh8 36.Nxd4 Rxd6
37.Nxe6 Rxe6 38.Ra7 Kg8 39.Kf1 Kf8 40.Ke2 Rg6 41.g4 Rf6 42.Ke3 Re6 43.h4 Kg8
44.h5 Kf8 45.Kf4 Kg8 46.Kf5 e3 47.fxe3 Rxe3 48.Rxa6 Kg7 49.Ra7+ Kg8 50.Rb7 Rxa3  1-0

[Event "Moscow Open A 2012"]
[Site "Moscow RUS"]
[Date "2012.01.28"]
[Round "1"]
[White "Chigaev,M"]
[Black "Inarkiev,E"]
[Result "1/2-1/2"]
[WhiteElo "2397"]
[BlackElo "2689"]

1.e4 c5 2.Nf3 d6 3.Bb5+ Nd7 4.d4 Nf6 5.Nc3 cxd4 6.Qxd4 e5 7.Qd3 h6 8.Be3 Be7
9.Nh4 g6 10.Nf3 a6 11.Bc4 b5 12.Bd5 Rb8 13.Ba7 b4 14.Bxb8 bxc3 15.Ba7 cxb2
16.Rb1 Nxd5 17.Qxd5 Qc7 18.Be3 Bb7 19.Qd3 f5 20.Rxb2 Bxe4 21.Qb3 f4 22.Bd2 Qc6
23.O-O Bd5 24.c4 Be6 25.Bxf4 exf4 26.Re1 Bxc4 27.Qc3 Rh7 28.Rc2 d5 29.Nd4 Qc7
30.Ne6 Qd6 31.Rb2 Bf6 32.Qc2 Ne5 33.Rxe5 Qxe5 34.Qxg6+ Rf7 35.Qg8+ Ke7 36.Rb7+ Kxe6
37.Qc8+ Kd6 38.Rb6+ Ke7 39.Rb7+ Kd6 40.Rb6+ Ke7 41.Rb7+  1/2-1/2

[Event "Moscow Open 2012 A"]
[Site "Moscow RUS"]
[Date "2012.01.28"]
[Round "1.73"]
[White "Faizrakhmanov,Ramil"]
[Black "Loskutov,O"]
[Result "1/2-1/2"]
[WhiteElo "2190"]
[BlackElo "2439"]

1.e4 c5 2.Nf3 d6 3.Bb5+ Nd7 4.d4 cxd4 5.Qxd4 a6 6.Bxd7+ Bxd7 7.Nc3 e6 8.O-O Qc7
9.Bg5 f6 10.Be3 Ne7 11.Rad1 Nc6 12.Qd2 Na5 13.b3 Rc8 14.Ne2 Nc6 15.c4 Be7
16.Nc3 b6 17.Rfe1 O-O 18.Bf4 Ne5 19.Nxe5 fxe5 20.Bxe5 dxe5 21.Qxd7 Qxd7 22.Rxd7 Bb4
23.Rc1 b5 24.Nb1 bxc4 25.bxc4 Bc5 26.Rd2 Rc7 27.g3 Rb8 28.Kg2 Rb4 29.Rdc2 Rf7
30.Rf1 Rc7 31.Nd2 Kf7 32.Nb3 Be7 33.Nd2 a5 34.h4 h6 35.Nf3 Kf6 36.Nd2 a4
37.Rfc1 Bc5 38.Nf3 a3 39.Ne1 Rb2 40.Nd3 Rxc2 41.Rxc2 Bd4 42.Nc1 Rb7 43.Nd3 Rb2
44.Ne1 Bc5 45.Kf3 Bb4 46.Re2 Bd2 47.Kg2 Ke7 48.Nf3 Bc3 49.Re3 Rc2 50.Rd3 Bb2
51.Nd2 Bd4 52.Nb3 Rxf2+ 53.Kh3 Bb6 54.Rd2 Rf3 55.c5 Bc7 56.c6 Bd6 57.Rc2 Rf8
58.Na5 Kd8 59.Nb7+ Kc7 60.Nxd6 Kxd6 61.Rc3 Ra8 62.c7 Kd7 63.Kg4 g6 64.Kf3 Kc8
65.Ke3 Ra6 66.Rc5 Rb6 67.Rxe5 Kxc7 68.Ra5 Kd6 69.Rxa3 Rb2 70.Ra8 Ke5  1/2-1/2

[Event "85th ch-St Petersburg SF"]
[Site "St Petersburg RUS"]
[Date "2012.01.28"]
[Round "1.17"]
[White "Panov,Ivan"]
[Black "Vorobjev,D"]
[Result "0-1"]
[WhiteElo "2006"]
[BlackElo "2223"]

1.e4 c5 2.Nf3 d6 3.Bb5+ Bd7 4.Bxd7+ Qxd7 5.O-O Nc6 6.Re1 Nf6 7.c3 e6 8.d4 cxd4
9.cxd4 d5 10.e5 Ne4 11.Nbd2 Nxd2 12.Bxd2 Be7 13.Rc1 O-O 14.Qe2 Rfc8 15.a3 a6
16.Qd3 b5 17.Rc2 Qb7 18.Rec1 Bd8 19.Kh1 h6 20.Rc3 Bb6 21.Qc2 Ne7 22.Qd3 Qd7
23.Be3 a5 24.Rxc8+ Rxc8 25.Rxc8+ Nxc8 26.Nd2 Qc6 27.Nb1 Qc4 28.Qd1 Ne7 29.b3 Qc7
30.g4 h5 31.h3 hxg4 32.hxg4 b4 33.axb4 axb4 34.Qd3 Qa7 35.Nd2 Qa1+ 36.Kh2 Qc3
37.Qxc3 bxc3 38.Nb1 Bxd4 39.Bc1 Nc6  0-1

[Event "Gibraltar Open"]
[Site "Caleta ENG"]
[Date "2012.01.29"]
[Round "6.6"]
[White "Howell,D"]
[Black "Sutovsky,E"]
[Result "1-0"]
[WhiteElo "2603"]
[BlackElo "2703"]

1.e4 c5 2.Nf3 d6 3.Bb5+ Nc6 4.O-O Nf6 5.Re1 Bd7 6.c3 a6 7.Bf1 Bg4 8.h3 Bxf3
9.Qxf3 g6 10.d3 Bg7 11.Be3 Nd7 12.Nd2 b5 13.a3 O-O 14.Qe2 e5 15.g3 Qc7 16.Bg2 Rae8
17.Nf1 f5 18.exf5 gxf5 19.Bg5 Bf6 20.Bh6 Bg7 21.Bg5 Bf6 22.Bd2 Nb6 23.Qh5 Ne7
24.f4 d5 25.fxe5 Bxe5 26.Bh6 Bg7 27.Qg5 Ng6 28.Rxe8 Rxe8 29.Bxg7 Kxg7 30.Ne3 f4
31.Nf5+ Kf7 32.Nh6+ Kg7 33.Nf5+ Kf7 34.Rf1 Qe5 35.h4 Qf6 36.Nh6+ Kg7 37.Nf5+ Kf7
38.gxf4 Re2 39.Nh6+ Kg7 40.Nf5+ Kf7 41.h5 Rxb2 42.hxg6+ hxg6 43.Nh6+ Kg7
44.Re1  1-0

[Event "Gibraltar Open"]
[Site "Caleta ENG"]
[Date "2012.01.29"]
[Round "6.36"]
[White "Bisby,D"]
[Black "Arnold,Mar"]
[Result "0-1"]
[WhiteElo "2264"]
[BlackElo "2482"]

1.e4 c5 2.Nf3 d6 3.Bb5+ Nd7 4.d4 cxd4 5.Qxd4 a6 6.Bxd7+ Bxd7 7.c4 Nf6 8.Bg5 Bg4
9.Nc3 Nd7 10.Nd2 Ne5 11.Nd5 h6 12.Be3 Nd7 13.e5 Nxe5 14.c5 Be6 15.Nf4 Nc6
16.Qc3 Bf5 17.cxd6 e5 18.Nd5 Qxd6 19.Nb6 Rd8 20.O-O Qg6 21.Nf3 Bh3 22.Ne1 Bb4
23.Qc2 Bf5 24.Qb3 O-O 25.a3 Bxe1 26.Rfxe1 Bh3 27.Bg5 Be6  0-1

[Event "TCh-CZE Liga 1 Zapad"]
[Site "Czech Rep CZE"]
[Date "2012.01.29"]
[Round "7.8"]
[White "Boukal,P"]
[Black "Belaska,P"]
[Result "1/2-1/2"]
[WhiteElo "2207"]
[BlackElo "2231"]

1.e4 c5 2.Nf3 d6 3.Bb5+ Bd7 4.Bxd7+ Nxd7 5.O-O Ngf6 6.Re1 e6 7.Nc3 Qc7 8.d3 Be7
9.Bf4 Ne5 10.Nd2 a6 11.a4 b6 12.Bg3 O-O 13.Bxe5 dxe5 14.Nc4 Nd7 15.Qe2 Qc6
16.Qh5 g6 17.Qe2 b5 18.Ne3 f5 19.f3 f4 20.Nf1 c4 21.axb5 axb5 22.Rxa8 Rxa8
23.dxc4 bxc4 24.Nd2 Nb6 25.g3 g5 26.Kh1 Kh8 27.Qg2 Rd8 28.Ndb1 Na4 29.Nxa4 Qxa4
30.Nc3 Qb4 31.Rb1 Qb6 32.Qe2 Qb4 33.Qg2 Qb6 34.Qe2 Qb4  1/2-1/2

[Event "TCh-HUN 2011-12"]
[Site "Zalaegerszeg HUN"]
[Date "2012.01.29"]
[Round "5"]
[White "Horvath,Ta1"]
[Black "Nagy,Ga1"]
[Result "1/2-1/2"]
[WhiteElo "2440"]
[BlackElo "2404"]

1.e4 c5 2.Nf3 d6 3.Bb5+ Nd7 4.d4 Nf6 5.Nc3 a6 6.Bxd7+ Nxd7 7.Bg5 h6 8.Bh4 g5
9.Bg3 Bg7 10.h3 O-O 11.O-O b5 12.Re1 Bb7 13.a3 Rc8 14.dxc5 Bxc3 15.bxc3 dxc5
16.Qe2 Nf6 17.Nd2 Qb6 18.f4 gxf4 19.Bxf4 Kh7 20.Qe3 Nd7 21.c4 Rg8 22.Re2 Qe6
23.cxb5 axb5 24.Rf1  1/2-1/2

[Event "Gibraltar Open"]
[Site "Caleta ENG"]
[Date "2012.01.30"]
[Round "7.44"]
[White "Al Tamimi,H"]
[Black "Hanley,C"]
[Result "1/2-1/2"]
[WhiteElo "2237"]
[BlackElo "2421"]

1.e4 c5 2.Nf3 d6 3.Bb5+ Nc6 4.Bxc6+ bxc6 5.O-O Bg4 6.d3 e6 7.Re1 Nf6 8.Nbd2 Nd7
9.h3 Bh5 10.Nf1 Be7 11.Ng3 Bg6 12.c3 O-O 13.b3 d5 14.Bb2 Qc7 15.Qe2 a5 16.c4 Bd6
17.Nf1 a4 18.Qc2 Rfb8 19.N3d2 a3 20.Bc1 Be5 21.Rb1 Nf6 22.Nf3 dxe4 23.dxe4 Rd8
24.Nxe5 Qxe5 25.f3 Nh5 26.Bd2 Nf4 27.Bxf4 Qxf4 28.Rbd1 f5 29.exf5 Bxf5 30.Qe2 Rd4
31.g4 Bg6 32.Qxe6+ Bf7 33.Rxd4 Qxd4+ 34.Qe3 Qb2 35.Qf2 Bg6 36.Re2 Qf6 37.f4 Bd3
38.Rd2 Bxf1 39.Kxf1 Rf8 40.Kg2 h5 41.gxh5 Qh6 42.Qg3 Rxf4 43.Rd8+ Rf8 44.Rxf8+  1/2-1/2

[Event "Gibraltar Open"]
[Site "Caleta ENG"]
[Date "2012.01.30"]
[Round "7.56"]
[White "Seps,M"]
[Black "Huschenbeth,N"]
[Result "0-1"]
[WhiteElo "2182"]
[BlackElo "2518"]

1.e4 c5 2.Nf3 d6 3.Bb5+ Nd7 4.d4 cxd4 5.Qxd4 a6 6.Bxd7+ Bxd7 7.Bg5 h6 8.Bh4 Qa5+
9.Nc3 e5 10.Qd3 Rc8 11.Nd2 Be6 12.a3 g5 13.Bg3 Nf6 14.h4 g4 15.h5 b5 16.O-O-O Be7
17.Bh4 b4 18.axb4 Qa1+ 19.Ncb1 O-O 20.Qa3 Ba2 21.Bxf6 Bxf6 22.c3 a5 23.bxa5 d5
24.exd5 Rb8 25.b4 e4 26.Kc2 g3 27.Rh3 gxf2 28.Qb2 Bxb1+ 29.Qxb1 Qa4+ 30.Qb3 Qb5
31.c4 Rfc8 32.Rg3+ Kf8 33.Nxe4 Rxc4+ 34.Nc3 Rbc8 35.d6 Rxc3+  0-1

[Event "Gibraltar Open"]
[Site "Caleta ENG"]
[Date "2012.01.30"]
[Round "7.125"]
[White "Conflitti,A"]
[Black "Pollo Mancilla,Ricardo"]
[Result "1-0"]
[WhiteElo "1792"]
[BlackElo "1450"]

1.e4 c5 2.Nf3 d6 3.Bb5+ Bd7 4.a4 a6 5.Bxd7+ Qxd7 6.d4 Qg4 7.O-O Qxe4 8.Re1 Qc6
9.dxc5 Qxc5 10.Be3 Qc6 11.Nc3 Nf6 12.Nd4 Qc7 13.Bg5 Nbd7 14.Ndb5 axb5 15.Nxb5 Qc6
16.Nxd6+ Kd8 17.Nxf7+ Ke8 18.Nxh8 Ra5 19.Bxf6 Qxf6 20.Qd2 Rh5 21.Rad1 Qc6
22.Qf4 Qf6 23.Qc7 Qc6 24.Qxc6 bxc6 25.b4 g6 26.Rd6 Ne5 27.Rd4 Bg7 28.Rde4 Bxh8
29.f4 Nf7 30.Rxe7+ Kf8 31.Re8+ Kg7 32.R1e7 Rf5 33.g3 Rd5 34.c4 Rd4 35.b5 cxb5
36.cxb5 Rxa4 37.b6 Ra1+ 38.Kg2 Ra2+ 39.Kh3 Kf6 40.b7 g5 41.Re6+ Kf5 42.g4+ Kxf4
43.b8=Q+  1-0

[Event "Moscow Open Women 2012"]
[Site "Moscow RUS"]
[Date "2012.01.30"]
[Round "3.21"]
[White "Akopova,A"]
[Black "Shaidullina,S"]
[Result "0-1"]
[WhiteElo "2008"]
[BlackElo "2215"]

1.e4 c5 2.Nf3 d6 3.Bb5+ Bd7 4.Bxd7+ Nxd7 5.O-O Ngf6 6.Re1 e6 7.c3 Rc8 8.d3 Be7
9.Bg5 O-O 10.Nfd2 Ne5 11.Nf3 Qb6 12.Nxe5 dxe5 13.Qb3 Qa6 14.Bxf6 Bxf6 15.c4 Rfd8
16.Re3 Rd6 17.Nc3 Rcd8 18.Nb5 R6d7 19.Qc2 Qb6 20.a4 Qa5 21.Nc3 Bg5 22.Rh3 g6
23.Rd1 a6 24.Rf3 Rd6 25.b3 R8d7 26.Ne2 f5 27.Nc3 Rb6 28.h3 Rbd6 29.Re1 Bd8
30.Kh2 f4 31.g3 g5 32.Rg1 Rg7 33.Ne2 Rdd7 34.Nc3 h5 35.g4 hxg4 36.hxg4 Rh7+
37.Kg2 Rh4 38.Kf1 Rdh7 39.Qb2 Qc7 40.Ke2 Qd6 41.Na2 Ba5 42.Qa1 Rh3 43.Qf1 R3h4
44.Qa1 Rh2 45.Qb1 R7h3 46.Qf1 Rh7 47.Qa1 Kf7 48.Qb1 Kf6 49.Qa1 Qd8 50.Qb1 R7h3
51.Qf1 Rxf3 52.Kxf3 Qd4 53.Rh1 Rxh1 54.Qxh1 Qxd3+ 55.Kg2 Qxe4+  0-1

[Event "Moscow Open 2012 A"]
[Site "Moscow RUS"]
[Date "2012.01.30"]
[Round "3.41"]
[White "Looshnikov,N"]
[Black "Nikologorskiy,K"]
[Result "1/2-1/2"]
[WhiteElo "2497"]
[BlackElo "2353"]

1.e4 c5 2.Nf3 d6 3.Bb5+ Nd7 4.d4 cxd4 5.Qxd4 Nf6 6.Bg5 e6 7.O-O Be7 8.c4 O-O
9.Bxd7 Bxd7 10.Nc3 Bc6 11.Rfe1 Qa5 12.a3 Rfd8 13.b4 Qc7 14.Rac1 Be8 15.Nd2 a6
16.h3 Rac8 17.Qa7 Ra8 18.Qe3 b6 19.f4 h6 20.Bh4 Qb7 21.Nf3 Rab8 22.e5 dxe5
23.fxe5 Nh7 24.Bxe7 Qxe7 25.Ne4 Nf8 26.Nd6 Ng6 27.c5 bxc5 28.bxc5 Bc6 29.Nd4 Bd5
30.Rc2 Rd7 31.Rf1 Qh4 32.Rcf2 Rf8 33.Rb2 Rc7 34.c6 Qe7 35.Rb6 f6 36.Rxa6 fxe5
37.Rxf8+ Qxf8 38.N4b5 Rxc6 39.Rxc6 Bxc6 40.a4 Nf4 41.Ne4 Qb4 42.Nbd6 Qxa4
43.Kh2 Qc2 44.Qf3 Bd5 45.h4 h5 46.Kh1 Qc6 47.Kh2 Qxd6 48.Nxd6 Bxf3 49.gxf3 Kf8
50.Nc4 Nd3 51.Nd6 Ke7 52.Ne4 Nf4 53.Kg3 Nd5 54.Kf2 Nf6 55.Ng5 Kd6 56.Ke3 Kd5
57.Kd3 Ne8 58.Nf7 Nd6 59.Nh8 e4+ 60.fxe4+ Nxe4 61.Ng6 Nc5+ 62.Ke3 e5 63.Nf8 Ne6
64.Ng6 Nd4 65.Kd3 Nf5 66.Ke2 Ke6 67.Kf3 Kf6 68.Nf8 Nxh4+ 69.Ke4 Ke7 70.Nh7 Kd6
71.Ng5 Ng6 72.Nf7+ Ke7 73.Ng5 Nh8 74.Nf3 Nf7 75.Kf5 g5 76.Nxe5 h4 77.Ng6+ Kd6
78.Nxh4  1/2-1/2

[Event "Moscow Open 2012 A"]
[Site "Moscow RUS"]
[Date "2012.01.30"]
[Round "3.36"]
[White "Pridorozhni,A"]
[Black "Gorkavij,V"]
[Result "1-0"]
[WhiteElo "2555"]
[BlackElo "2378"]

1.e4 c5 2.Nf3 d6 3.Bb5+ Bd7 4.Bxd7+ Qxd7 5.O-O Nc6 6.c3 Nf6 7.d3 g6 8.h3 Bg7
9.Be3 O-O 10.Nbd2 e5 11.a3 b5 12.b4 cxb4 13.axb4 d5 14.Nb3 dxe4 15.Nc5 Qc7
16.dxe4 a5 17.Rb1 Rfb8 18.Qe2 Nd7 19.Nxd7 Qxd7 20.Rfd1 Qe8 21.Rd5 axb4 22.cxb4 Ra4
23.Rxb5 Rxb4 24.R1xb4 Nxb4 25.Rxb8 Qxb8 26.Qc4 Bf8 27.Bd2 h6 28.g3 Bd6 29.g4 Qb7
30.Bxh6 Qa6 31.Qxa6 Nxa6 32.Be3 f6 33.h4 Kf7 34.h5 gxh5 35.gxh5 Bc5 36.Bc1 Nb4
37.Ne1 Nc6 38.Kg2 Ne7 39.Nd3 Bd6 40.f3 f5 41.Bg5 fxe4 42.fxe4 Nc6 43.Kf3 Bf8
44.Kg4 Bg7 45.Be3 Ne7 46.Nb4 Ng8 47.Nd5 Bh6 48.Kf5 Bxe3 49.Nxe3 Nf6 50.h6 Ng8
51.h7 Ne7+ 52.Kg5 Ng6 53.Kh6 Nh8 54.Ng4 Ke6 55.Kg7  1-0

[Event "Gibraltar Open"]
[Site "Caleta ENG"]
[Date "2012.01.31"]
[Round "8.48"]
[White "Hanley,C"]
[Black "Benmesbah,N"]
[Result "1-0"]
[WhiteElo "2421"]
[BlackElo "2228"]

1.e4 c5 2.Nf3 d6 3.Bb5+ Nd7 4.d4 Nf6 5.O-O cxd4 6.Qxd4 a6 7.Bxd7+ Nxd7 8.Nc3 e6
9.Rd1 b5 10.Bf4 e5 11.Bxe5 dxe5 12.Nxe5 Qf6 13.Nd5 Qxe5 14.Qxe5+ Nxe5 15.Nc7+ Ke7
16.Nxa8 Bb7 17.Nc7 g5 18.a4 b4 19.Rd4 Kf6 20.Ne8+ Kg6 21.Rad1 f6 22.Nd6 Bxd6
23.Rxd6 Bxe4 24.Re1 Nf7 25.Rxa6 Bxc2 26.a5 b3 27.Rb6 Kg7 28.a6 Ne5 29.a7 Ra8
30.Ra1 Nc4 31.Rb8 Rxa7 32.Rxa7+ Kh6 33.Rf8 Kg6 34.Ra6 Nxb2 35.Rfxf6+ Kh5
36.h3 Bg6 37.Rab6 Nd3 38.Rxb3 Ne5 39.Rb5 Nd7 40.Rd6 Nf8 41.Rb8  1-0

[Event "Gibraltar Open"]
[Site "Caleta ENG"]
[Date "2012.01.31"]
[Round "8.30"]
[White "Dvirnyy,D"]
[Black "Borosova,Z"]
[Result "1-0"]
[WhiteElo "2492"]
[BlackElo "2284"]

1.e4 c5 2.Nf3 d6 3.Bb5+ Bd7 4.Bxd7+ Qxd7 5.O-O Nc6 6.Re1 Nf6 7.c3 e6 8.d3 Be7
9.Nbd2 O-O 10.Nf1 Ne5 11.Bf4 Ng6 12.Bg5 Qb5 13.Re2 h6 14.Bc1 Ne5 15.Ne1 Rac8
16.Ng3 Rfe8 17.h3 Qb6 18.Kh1 Nc6 19.f4 Qc7 20.Nf3 Nd7 21.Qe1 Qd8 22.Bd2 b5
23.Qf2 b4 24.Rf1 Qa5 25.f5 Nde5 26.Nxe5 Nxe5 27.d4 cxd4 28.cxd4 Nc6 29.Nh5 exf5
30.d5 Ne5 31.Qg3 g6 32.exf5 Qxd5 33.fxg6 Nxg6 34.Rxe7 Qxh5 35.Rexf7 Rf8 36.Rxf8+ Rxf8
37.Rxf8+ Kxf8 38.Qxd6+ Kf7 39.Bxb4 Qe2 40.Qd5+  1-0

[Event "ch-TUR 2012"]
[Site "Kemer TUR"]
[Date "2012.01.31"]
[Round "4"]
[White "Comez,K"]
[Black "Erdogdu,M"]
[Result "1/2-1/2"]
[WhiteElo "2186"]
[BlackElo "2424"]

1.e4 c5 2.Nf3 d6 3.Bb5+ Nc6 4.c3 Bd7 5.O-O Nf6 6.Re1 a6 7.Ba4 b5 8.Bc2 Bg4
9.d4 e5 10.dxc5 dxc5 11.Bg5 Be7 12.Nbd2 O-O 13.Nf1 Ne8 14.Qxd8 Bxd8 15.Be3 Be7
16.h3 Be6 17.Red1 f6 18.g4 Nc7 19.Ng3 g6 20.Kh2 Rad8 21.Rg1 Bc8 22.a4 Ne6
23.axb5 axb5 24.Nd2 c4 25.b3 Bc5 26.Ngf1 b4 27.Nxc4 bxc3 28.Bxc5 Nxc5 29.Rg3 Nd4
30.Rxc3 Nxc2 31.Rxc2 Nxb3 32.Ra7 Nd4 33.Rb2 Be6 34.Nce3 Rf7 35.Rbb7 Rxb7
36.Rxb7 Ra8 37.Nd5 Bxd5 38.exd5 Rd8 39.Ne3 f5 40.gxf5 gxf5 41.Kg2 h5 42.Re7 f4
43.Rxe5 fxe3 44.fxe3 Nb5 45.Kg3 Nc3 46.e4 Nxe4+ 47.Rxe4 Rxd5 48.Kh4 Kg7 49.Re6 Ra5
50.Rb6  1/2-1/2

[Event "Moscow Open Women 2012"]
[Site "Moscow RUS"]
[Date "2012.01.31"]
[Round "4.53"]
[White "Vasilieva,Aisena"]
[Black "Romanova,A"]
[Result "0-1"]
[WhiteElo "1693"]
[BlackElo "1935"]

1.e4 c5 2.Nf3 d6 3.Bb5+ Bd7 4.Bxd7+ Qxd7 5.O-O Nf6 6.Re1 Nc6 7.c3 g6 8.d4 cxd4
9.cxd4 Bg7 10.Nc3 O-O 11.Be3 Rfd8 12.Rc1 d5 13.e5 Ne8 14.Bf4 Nc7 15.Ng5 h6
16.Nf3 Ne6 17.Be3 Rac8 18.Qd2 Kh7 19.Nh4 Nxe5 20.dxe5 d4 21.Rcd1 Rc7 22.Bxd4 Nxd4
23.Qe3 Qg4 24.Nb5 Ne2+ 25.Kf1 Rxd1 26.Rxd1 Rc2 27.Nf3 Nf4 28.Ne1 Qxd1  0-1

[Event "Moscow Open 2012 A"]
[Site "Moscow RUS"]
[Date "2012.01.31"]
[Round "4.89"]
[White "Lugovskoy,M"]
[Black "Sarana,A"]
[Result "1-0"]
[WhiteElo "2376"]
[BlackElo "2045"]

1.e4 c5 2.Nf3 d6 3.Bb5+ Bd7 4.Bxd7+ Qxd7 5.O-O Nf6 6.e5 dxe5 7.Nxe5 Qc7 8.d4 e6
9.Bf4 Qd8 10.Nc3 cxd4 11.Nb5 Nd5 12.Qf3 Qf6 13.g3 g5 14.Ng4 Qf5 15.Nxd4 Qg6
16.Be5 Bg7 17.Bxg7 Qxg7 18.c4 h5 19.Ne3 Qxd4 20.cxd5 g4 21.Qg2 e5 22.Nf5 Qb6
23.a4 Nd7 24.Qe4 O-O-O 25.a5 Qa6 26.b4 Kb8 27.b5 Qf6 28.Rfc1 Rc8 29.b6 a6
30.d6 Nc5 31.Qd5 Qxf5 32.Rxc5 Rxc5 33.Qxc5 Rc8 34.Qd5 Rc2 35.Rf1 Qe6 36.Qd3 Rc8
37.Rd1 Qd7 38.Qh7 Qa4 39.Qd3 e4 40.Qd4 Qxd4 41.Rxd4 Rc1+ 42.Kg2 Kc8 43.Rxe4 Kd7
44.Re7+ Kxd6 45.Rxb7 Rc5 46.Rxf7 Rxa5 47.b7 Rb5 48.Rf6+ Kc7 49.Rxa6 Kxb7
50.Rf6 Kc7 51.h3 Kd7 52.Rg6 Rb4 53.Rg5 gxh3+ 54.Kxh3 h4 55.g4  1-0

[Event "Moscow Open 2012 A"]
[Site "Moscow RUS"]
[Date "2012.02.01"]
[Round "5.32"]
[White "Pridorozhni,A"]
[Black "Gagarin,V"]
[Result "1/2-1/2"]
[WhiteElo "2555"]
[BlackElo "2417"]

1.e4 c5 2.Nf3 d6 3.Bb5+ Bd7 4.Bxd7+ Qxd7 5.O-O Nc6 6.c3 Nf6 7.Re1 e6 8.d3 Be7
9.Bg5 O-O 10.Nbd2 h6 11.Bh4 Rfd8 12.d4 cxd4 13.cxd4 d5 14.e5 Nh7 15.Bxe7 Qxe7
16.Re3 Rdc8 17.Rc1 Qd7 18.Rec3 Ne7 19.h4 Rxc3 20.Rxc3 Rc8 21.Rxc8+ Qxc8 22.g3 h5
23.Kg2 Nf5 24.Qa4 a6 25.Nb3 b6 26.Nbd2 Nf8 27.Qb3 Qc6 28.Qd3 Qc8 29.b4 Ng6
30.a4 f6 31.exf6 gxf6 32.a5 bxa5 33.bxa5 Kf7 34.Qb3 Nge7 35.Qb6 Qc6 36.Qb8 Qc8
37.Qa7 Nd6 38.Nb3 Qc2 39.Qc5 Qxc5 40.Nxc5  1/2-1/2

[Event "Moscow Open A 2012"]
[Site "Moscow RUS"]
[Date "2012.02.01"]
[Round "5"]
[White "Bartel,Mat"]
[Black "Lu Shanglei"]
[Result "1-0"]
[WhiteElo "2658"]
[BlackElo "2516"]

1.e4 c5 2.Nf3 d6 3.Bb5+ Nd7 4.O-O a6 5.Bd3 Ngf6 6.c3 e5 7.Bc2 Be7 8.d4 O-O
9.a4 b6 10.Qe2 Qc7 11.d5 Re8 12.c4 Bf8 13.Ne1 g6 14.Nc3 Nh5 15.g3 Ng7 16.Ng2 f5
17.Bg5 Be7 18.Bh6 fxe4 19.g4 Qd8 20.h3 Bg5 21.Bxg5 Qxg5 22.Nxe4 Qe7 23.f4 Bb7
24.f5 gxf5 25.gxf5 Rf8 26.Ne3 Kh8 27.Kh2 Nf6 28.Nxf6 Qxf6 29.Ng4 Qh4 30.f6 Nh5
31.Qe1 Qxe1 32.Raxe1 Bc8 33.Bf5 Nf4 34.Bxc8 Raxc8 35.Rf3 a5 36.Rxf4 exf4
37.Re6 h5 38.Nh6 Rc7 39.f7 Rd7 40.Kg2 Kg7 41.Kf3 Rh8 42.Kxf4 Rxh6 43.Rxh6 Rxf7+
44.Kg5 Rf2 45.Rxd6 Rxb2 46.Rd7+ Kf8 47.Rh7 Ke8 48.Kf6 Re2 49.Kf5 h4 50.Rxh4 Kd7
51.Rh7+ Kd6 52.Rh6+ Kd7 53.Rxb6 Rc2 54.Rh6 Rxc4 55.Ke5 Rxa4 56.Rh7+ Ke8 57.Kd6 Rd4
58.Kxc5 Rd3 59.Kd6 a4 60.Rh8+ Kf7 61.h4 a3 62.Ra8 Kf6 63.Kc6 Rc3+ 64.Kd6 Rd3
65.Ra5 Kf5 66.Ke7 Re3+ 67.Kd7 Re5 68.Kc6 Re3 69.h5 Rd3 70.Kd7 Ke5 71.h6 Kf6
72.Ra6+ Kf7 73.d6 Kg6 74.Ke8 Kh7 75.d7 Re3+ 76.Kd8 Rc3 77.Ra8 Kxh6 78.Ke7  1-0

[Event "Moscow Open 2012 A"]
[Site "Moscow RUS"]
[Date "2012.02.01"]
[Round "5.81"]
[White "Toropov,P"]
[Black "Lee Sanghoon"]
[Result "1-0"]
[WhiteElo "2302"]
[BlackElo "2142"]

1.e4 c5 2.Nf3 d6 3.Bb5+ Nd7 4.d4 cxd4 5.Qxd4 a6 6.Bxd7+ Bxd7 7.Nc3 Rc8 8.Bg5 h6
9.Bh4 e5 10.Qd3 g5 11.Bg3 Nf6 12.Nd2 Be6 13.O-O Be7 14.Rfd1 Qc7 15.Rac1 b5
16.Nd5 Bxd5 17.exd5 O-O 18.c4 Qb6 19.b3 Nh5 20.Qe2 Ng7 21.Kh1 bxc4 22.Nxc4 Qd8
23.f3 Nh5 24.b4 Re8 25.Na5 Qb6 26.Nc6 Bf6 27.a4 Nf4 28.Bxf4 exf4 29.Qd3 Kg7
30.a5 Qb7 31.Re1 Be5 32.Qb1 Bf6 33.h3 Ra8 34.Re4 Rxe4 35.Qxe4 Qb5 36.Rd1 Be5
37.Nxe5 Re8 38.Qd3 dxe5 39.Qxb5 axb5 40.d6 Kf6 41.a6 Rd8 42.a7 Ke6 43.d7 Ke7
44.Rd5  1-0

[Event "34th Tringov Memorial"]
[Site "Plovdiv BUL"]
[Date "2012.02.01"]
[Round "5.7"]
[White "Georgiev,Kr"]
[Black "Benidze,D"]
[Result "0-1"]
[WhiteElo "2424"]
[BlackElo "2516"]

1.e4 c5 2.Nf3 d6 3.Bb5+ Bd7 4.Bxd7+ Qxd7 5.O-O Nc6 6.c4 g6 7.Nc3 Bg7 8.d3 Nf6
9.Bd2 O-O 10.a3 e6 11.h3 d5 12.e5 Ne8 13.Rb1 Nc7 14.Bf4 Rad8 15.Rc1 b6 16.Qe2 h6
17.Bg3 a5 18.Nb1 Ne7 19.Rfd1 Nf5 20.Bh2 Qe7 21.Nc3 Rd7 22.d4 dxc4 23.dxc5 Rxd1+
24.Rxd1 Qxc5 25.g4 Ne7 26.Ne4 Qc6 27.Rd6 Qb5 28.Nd4 Qa6 29.Nc5 Qc8 30.Nd7 Ncd5
31.Nb5 Rd8 32.Na7 Qa8 33.Qxc4 Kh7 34.Qa6 Rc8  0-1

[Event "Moscow Open Women 2012"]
[Site "Moscow RUS"]
[Date "2012.02.02"]
[Round "6.31"]
[White "Xu Huahua"]
[Black "Romanova,A"]
[Result "1-0"]
[WhiteElo "2134"]
[BlackElo "1935"]

1.e4 c5 2.Nf3 d6 3.Bb5+ Bd7 4.Bxd7+ Qxd7 5.O-O Nf6 6.Re1 Nc6 7.c3 g6 8.d4 cxd4
9.cxd4 Bg7 10.Nc3 O-O 11.h3 Rfd8 12.Bg5 h6 13.Bxf6 Bxf6 14.Nd5 Bg7 15.Rc1 Rac8
16.Rc3 b5 17.Qc2 e6 18.Rxc6 Rxc6 19.Qxc6 exd5 20.Qxd5 a6 21.b3 Qc7 22.Nh4 Qc3
23.Rd1 Qc2 24.Rf1 Kh7 25.e5 g5 26.Nf3 Qf5 27.Rc1 Rd7 28.Qc6 dxe5 29.dxe5 Re7
30.Qxa6 Bxe5 31.Nxe5 Rxe5 32.Qa7 Qf4 33.Rd1 Re4 34.a3 Qf5 35.Qb6 Re2 36.Qd4 Ra2
37.g4 Qf3 38.Qd3+ Qxd3 39.Rxd3 Rxa3 40.Kg2 Kg7 41.Kf3 Kf6 42.Ke4 Ra2 43.Rf3+ Ke6
44.Kd3 Ra7 45.Kc3 Rd7 46.Kb4 Rd5 47.Ka5 f6 48.b4 Ke7 49.Kb6 Ke6 50.Kc6 Rd1
51.Kxb5 Rb1 52.Kc5 Rc1+ 53.Kb6 Rb1 54.b5 Rb2 55.Kc6 Rc2+ 56.Kb7 Rb2 57.b6 Rb1
58.Kc7 Rc1+ 59.Kb8 Rb1 60.b7 Ke7 61.Rf5 Rc1 62.Ka7  1-0

[Event "Moscow Open A 2012"]
[Site "Moscow RUS"]
[Date "2012.02.02"]
[Round "6"]
[White "Iordachescu,V"]
[Black "Kokarev,Dm"]
[Result "0-1"]
[WhiteElo "2651"]
[BlackElo "2618"]

1.e4 c5 2.Nf3 d6 3.Bb5+ Bd7 4.Bxd7+ Qxd7 5.O-O Nf6 6.Qe2 Nc6 7.Rd1 e6 8.d4 cxd4
9.Nxd4 Rc8 10.Nf3 Qc7 11.c4 a6 12.Bf4 Ne5 13.Nbd2 Ng6 14.Be3 Be7 15.a4 Ng4
16.Bd4 Bf6 17.a5 Nf4 18.Qf1 Bxd4 19.Nxd4 O-O 20.g3 Qc5 21.N2f3 Ng6 22.b3 Rfe8
23.h3 Nf6 24.Qe1 Qh5 25.Kg2 d5 26.exd5 exd5 27.Qb4 dxc4 28.bxc4 Rc7 29.Re1 Rec8
30.Qb1 Qc5 31.Ra4 Rd7 32.Qf5 Qxf5 33.Nxf5 Kf8 34.h4 Rc5 35.Ne3 Ne7 36.g4 Nc6
37.g5 Ne8 38.Nd5 Nc7 39.Nb6 Rd6 40.Rea1 Nxa5 41.Nc8 Rd8 42.Rxa5 Rxa5 43.Rxa5 Rxc8
44.Rc5 Ke7 45.h5 g6 46.Nd2 Kd8 47.Ne4 Ne6 48.Re5 Rxc4 49.Nd6 Rg4+ 50.Kf3 gxh5
51.Nxb7+ Ke7 52.Ra5 Rb4  0-1